Movie Genres by Picture - Statistics

General Stats
  • This quiz has been taken 101 times
  • The average score is 9 of 13
Answer Stats
Picture Answer % Correct
Musical
90%
Superhero
90%
Horror
84%
Romance
81%
Comedy
79%
Western
79%
War
74%
Fantasy
70%
Gangster
59%
Sci-Fi
59%
Animated
58%
Sports
37%
Disaster
30%
No matching quizzes found
Score Distribution
Percent of People with Each Score
Percentile by Number Answered
Your Score History
You have not taken this quiz